UBT Library

Fundamentals of nursing : (Record no. 47435)

000 -LEADER
fixed length control field 01027cam a22003374a 4500
001 - CONTROL NUMBER
control field 16335132
005 - DATE AND TIME OF LATEST TRANSACTION
control field 20180903043852.0
007 - PHYSICAL DESCRIPTION FIXED FIELD--GENERAL INFORMATION
fixed length control field co |g|||||||||
008 - FIXED-LENGTH DATA ELEMENTS--GENERAL INFORMATION
fixed length control field 100714s2011 paua b 001 0 eng
010 ## - LIBRARY OF CONGRESS CONTROL NUMBER
LC control number 2010030027
016 7# - NATIONAL BIBLIOGRAPHIC AGENCY CONTROL NUMBER
Record control number 101535821
Source DNLM
020 ## - INTERNATIONAL STANDARD BOOK NUMBER
International Standard Book Number 9780781793834 (alk. paper)
020 ## - INTERNATIONAL STANDARD BOOK NUMBER
International Standard Book Number 0781793831 (alk. paper)
020 ## - INTERNATIONAL STANDARD BOOK NUMBER
International Standard Book Number 9781609133658
020 ## - INTERNATIONAL STANDARD BOOK NUMBER
International Standard Book Number 160913365X
035 ## - SYSTEM CONTROL NUMBER
System control number (OCoLC)ocn649795858
040 ## - CATALOGING SOURCE
Original cataloging agency DNLM/DLC
Transcribing agency DLC
Modifying agency YDX
-- BTCTA
-- NLM
-- YDXCP
-- VAM
-- ZAD
-- CDX
-- DLC
041 ## - LANGUAGE CODE
Language code of text/sound track or separate title eng
042 ## - AUTHENTICATION CODE
Authentication code pcc
060 00 - NATIONAL LIBRARY OF MEDICINE CALL NUMBER
Classification number 2011 A-409
060 10 - NATIONAL LIBRARY OF MEDICINE CALL NUMBER
Classification number WY 100.1
Item number F981 2011
080 ## - UNIVERSAL DECIMAL CLASSIFICATION NUMBER
Universal Decimal Classification number 610.73
082 00 - DEWEY DECIMAL CLASSIFICATION NUMBER
Classification number 610.73 TAL
Edition number 22
100 ## - Rafti
Rafti 2
101 ## - Shkurtesa
Shkurtesa INF
245 00 - TITLE STATEMENT
Title Fundamentals of nursing :
Statement of responsibility, etc Carol R. Taylor ... [et al.].
504 ## - BIBLIOGRAPHY, ETC. NOTE
Bibliography, etc Includes bibliographical references and index.
906 ## - LOCAL DATA ELEMENT F, LDF (RLIN)
a 7
b cbc
c orignew
d 1
e ecip
f 20
g y-gencatlg
942 ## - ADDED ENTRY ELEMENTS (KOHA)
Source of classification or shelving scheme
Item type Books
Holdings
Withdrawn status Lost status Source of classification or shelving scheme Damaged status Not for loan Collection code Permanent location Current location Shelving location Date acquired Total Checkouts Full call number Barcode Date last seen Price effective from Koha item type
          Koleksioni i përgjithshem UBT - Lipjan UBT - Lipjan Koleksioni i përgjithshem 09/03/2018   610.73 TAL 002-3012067 09/17/2018 09/03/2018 Books
UBT Library © 2015-2024. All rights reserved University Education for Business and Technology